| 000 | 00718nam a22002177a 4500 | ||
|---|---|---|---|
| 005 | 20130902110420.0 | ||
| 010 | _aENG-108282 | ||
| 020 |
_c395.00 _a9788120347991 |
||
| 035 | _aEN-91815 | ||
| 037 | _bDBAD/PUB | ||
| 082 | _a620.106 | ||
| 100 | _aDas, Madan Mohan | ||
| 245 |
_aHydraulics and hydraulic machines / _cby Madan Mohan Das, Mimi Das Saika [and] Bhargab Mohan Das |
||
| 260 |
_aDelhi _bPHI Learning _c2013 |
||
| 270 |
_aRimjhim House , 111, Patparganj Industrial Estate, _bDelhi _e110092 |
||
| 300 |
_axxi,538p. _c24cm(pbk) |
||
| 500 | _aIncludes bibliographical references and index | ||
| 700 | _aSaikia, Mimi Das | ||
| 700 | _aDas, Bhargab Mohan | ||
| 942 |
_2ddc _cEN _mDAS _h620.106 |
||
| 999 |
_c78463 _d78463 |
||